000 00790nam a2200205 4500
008 050208s2004 nyu bd 000 0 eng
020 _a0824521196 :USD36/Php2040.41
090 _aBR302.8
_bL59g
130 0 _aLexikon der Reformationszeit.
_lEnglish.
245 1 0 _aDictionary of the Reformation /
_cedited by Klaus Ganzer and Bruno Steimer ; translated by Brian McNeil.
260 _aNew York :
_bCrossroad Pub. Co.,
_cc2004.
300 _ax, 372 p. ;
_c26 cm.
490 1 _aThe encyclopedia of theology and church
500 _a"A Herder and Herder book".
504 _aIncludes bibliographical references.
650 4 _aReformation
_vDictionaries.
700 1 _aGanzer, Klaus.
700 1 _aSteimer, Bruno.
951 _p28102
_x00030484
_oBR302.8/L59g
_j070613111438640
_d2000-12-21
_cREF
999 _c22444
_d22444